000 00806nam a2200253 i 4500
001 bg
245 0 0 _aWielka encyklopedia geografii świata.
_nT. 13,
_pZwierzęta Ziemi /
_c[aut. tomu] Tomasz Umiński ; kom. nauk. Andrzej Kostrzewski [et al.].
260 _aPoznań :
_bWydaw. Kurpisz,
_c1998.
300 _aVI, 350 s. :
_bfot., rys. kolor. ;
_c30 cm.
504 _aBibliogr. s. 341-342. - Indeks.
650 9 _aGeografia
650 9 _aZwierzęta
_xgeografia
655 _aEncyklopedie
700 1 _aUMIŃSKI, Tomasz
020 _a8386600373 (całość)
020 _a8387621323 (t.13)
040 _cBPK
041 0 _apl
080 _a913(100):591.9](03)
920 _a83-86600-37-3 (całość)
920 _a83-87621-32-3 (t.13)
942 _cKS
008 s pl f |000 0 pol
999 _c33899
_d33899
856 _uhttp://koha.tu.koszalin.pl/cgi-bin/koha/opac-detail.pl?biblionumber=33899
_yKatalog online BPK